000 00431nam a2200157 4500
001 108313
003 ES-MaACL
005 20230906184624.0
007 t|
008 061121s1971 sp r ||||1| spa d
100 1 _aMon, Fernando.
_982093
245 1 0 _aAspectos sociales del arte en Galicia /
_cFernando Mon.
260 _aLa Coruña :
_bGrafinsa,
_c1971.
300 _a161 p. ;
_c17 cm.
852 _aES-MaACL
_jC-42053
_bR.76979
999 _c108313
_d108313